000
00282nam a2200121Ia 4500
100
_a
#N/A
650
_a
ELECTRONICS
942
_c
BK
654
_a
vhs
245
_a
VHS to VCD with Fungus Cleaning - Small Signal Models & Amplifiers Lecture 34
260
_b
#N/A
546
_a
ENGLISH
999
_c
29309
_d
29309